000 00869nam a22002657a 4500
001 3930
003 FISKH
005 20240524111028.0
008 240524b cb ||||| |||| 00| 0 eng d
040 _aFISK
_beng
_cFISK
_dFISK
050 _aPZ7.S41267
082 _a813.54
100 _aScieszka Jon
_d1954-
245 _aSam samurai /
_cJon Scieszka
260 _aNew York :
_bScholastic ,
_c2003
300 _a83 pages :
_billustrations ;
_c20 cm
490 _aThe time warp trio
505 _aK
520 _aJoe, Fred, and Sam are transported to seventeenth century Japan where they infuriate a Samurai warrior, encounter their great-grandaughters, and save their lives by reciting an ancient form of poetry.
521 8 _a550
_bLexile
521 8 _aK
_bRaz-Plus
700 _aJon Scieszka
942 _2ddc
_cBK
_n0
999 _c3930
_d3930